Terrorist theology, delusion, and apotheosis in death

Guardado en:  
Detalles Bibliográficos
Autor principal: Piven, Jerry S. (Autor)
Tipo de documento: Print Artículo
Lenguaje:Inglés
Publicado: 2024
En: Terrorism, political violence, and extremism
Año: 2024, Páginas: 43-66
Verificar disponibilidad: HBZ Gateway
Palabras clave:

MARC

LEADER 00000caa a2200000 c 4500
001 1941071120
003 DE-627
005 20260123124645.0
007 tu
008 251113s2024 xx ||||| 00| ||eng c
020 |a 9798765116227 
035 |a (DE-627)1941071120 
035 |a (DE-599)KXP1941071120 
040 |a DE-627  |b ger  |c DE-627  |e rda 
041 |a eng 
084 |a 2,1  |2 ssgn 
100 1 |a Piven, Jerry S.  |e VerfasserIn  |0 (DE-588)132919885  |0 (DE-627)528677055  |0 (DE-576)299503585  |4 aut 
109 |a Piven, Jerry S.  |a Piven, J. S.  |a Piven, Jerry 
245 1 0 |a Terrorist theology, delusion, and apotheosis in death  |c Jerry S. Piven 
264 1 |c 2024 
336 |a Text  |b txt  |2 rdacontent 
337 |a ohne Hilfsmittel zu benutzen  |b n  |2 rdamedia 
338 |a Band  |b nc  |2 rdacarrier 
689 0 0 |d s  |0 (DE-588)4059534-1  |0 (DE-627)106143212  |0 (DE-576)209131136  |a Terrorismus  |2 gnd 
689 0 1 |d s  |0 (DE-588)4059758-1  |0 (DE-627)104131446  |0 (DE-576)209132159  |a Theologie  |2 gnd 
689 0 2 |d s  |0 (DE-588)4305296-4  |0 (DE-627)123187249  |0 (DE-576)21107599X  |a Djihad  |2 gnd 
689 0 3 |d s  |0 (DE-588)4157237-3  |0 (DE-627)105502421  |0 (DE-576)209832878  |a Gewalttätigkeit  |2 gnd 
689 0 4 |d s  |0 (DE-588)4049396-9  |0 (DE-627)106187155  |0 (DE-576)209081880  |a Religion  |2 gnd 
689 0 5 |d s  |0 (DE-588)4173252-2  |0 (DE-627)10538139X  |0 (DE-576)209948930  |a Paradies  |2 gnd 
689 0 6 |d s  |0 (DE-588)4060294-1  |0 (DE-627)106140086  |0 (DE-576)209134666  |a Tod  |2 gnd 
689 0 7 |d s  |0 (DE-588)4405486-5  |0 (DE-627)194971163  |0 (DE-576)212105841  |a Selbstzerstörung  |2 gnd 
689 0 8 |d s  |0 (DE-588)4044623-2  |0 (DE-627)106204831  |0 (DE-576)209061677  |a Paranoia  |2 gnd 
689 0 |5 (DE-627) 
773 0 8 |i Enthalten in  |t Terrorism, political violence, and extremism  |b Paperback edition  |d New York : Bloomsbury Academic, 2024  |g (2024), Seite 43-66  |h xiii, 357 Seiten  |w (DE-627)1879526719  |z 9798765116227  |z 9781440851926  |7 nnam 
773 1 8 |g year:2024  |g pages:43-66 
951 |a AR 
ELC |b 1 
LOK |0 000 xxxxxcx a22 zn 4500 
LOK |0 001 4804245057 
LOK |0 003 DE-627 
LOK |0 004 1941071120 
LOK |0 005 20251113071407 
LOK |0 008 251113||||||||||||||||ger||||||| 
LOK |0 040   |a DE-2619  |c DE-627  |d DE-2619 
LOK |0 092   |o n 
LOK |0 852   |a DE-2619 
LOK |0 852 1  |9 00 
LOK |0 939   |a 13-11-25  |b l01 
ORI |a SA-MARC-krimdoka001.raw